LEADER 01552nam a2200349 a 4500 001 000000121565 003 CaOOAMICUS 005 20100505145759.0 008 100505t2010 it aboe u000 u ita r 040 $aPUL$bita$dReb 041 1 $aita$heng 082 04$a930 100 1 $aRankov, Boris.$0(OLS)http://pul/name/76144 240 10$aPraetorian guard$lItaliano.$0(OLS)http://pul/title/152954 245 13$aLa guardia pretoriana /$cBoris Rankov ; illustrazioni di Richard Hook. 260 $aMilano :$bRBA Italia,$cİ2010. 300 $a72 p. :$bill., c. geogr., foto ;$c25 cm. 490 1 $aRoma e Grecia$aLe battaglie, gli eserciti, i grandi condottieri 490 1 $aRoma$aL'Impero II 500 $aPubblicazione periodica settimanale. 504 $aInclude bibliografia ed indice. 650 4$aGuerra pretoriana.$0(OLS)http://pul/subject/36801 651 4$aRoma$xStoria$yImpero, 30 a.C.-476 d.C.$0(OLS)http://pul/subject/3553 700 1 $aHook, Richard.$0(OLS)http://pul/name/75865 830 0$aRoma$pL'Impero II.$0(OLS)http://pul/title/152955 830 0$aRoma e Grecia$pLe battaglie, gli eserciti, i grandi condottieri.$0(OLS)http://pul/title/150360 850 $aPUL 852 $aPUL$W1$xDP2 Filosofia 3$y112$m930 COLL 2.10$j139523$qDDC 21$q $B138728$CPULBib$Z2$F138728 $H113537 $81 941 1 $a9 996 $6082$a930$9(OLS)http://pul/classification/398 996 $6245$aLa guardia pretoriana$9(OLS)http://pul/title/152953 996 $6260$aMilano :$bRBA Italia$9(OLS)http://pul/publisher/80118 LEADER 01393nam a2200265 u 4500 001 000000053852 003 CaOOAMICUS 005 20070226115615.0 008 001122s1985 it u000 u ita u 035 $a10862125 040 $aBAV$bita$dBAV 111 2 $aConvegno di teologia sacramentaria$n(6 :$d1985 :$cRoma).$0(OLS)http://pul/name/38323 245 10$aFede e sacramenti negli scritti giovannei :$batti del VI Convegno di teologia sacramentaria, Roma, 23-25 maggio 1983 /$ca cura di Pius-Ramon Tragan. 260 $aRoma :$bPontificio Ateneo S. Anselmo,$c1985. 300 $a245 p. ;$c24 cm 490 1 $aStudia Anselmiana ;$v90.$aSacramentum ;$v8 630 04$aBiblia.$pN.T.$pIohannes$xCongressi.$0(OLS)http://pul/subject/37929 700 1 $aTragan, Pius-Ramon,$cO.S.B.,$d1928-$0(OLS)http://pul/name/21744 830 0$aStudia Anselmiana ;$v90.$0(OLS)http://pul/title/554 830 0$aStudia Anselmiana.$pSacramentum ;$v8.$0(OLS)http://pul/title/7251 850 $aPUL 852 $aPUL$W1$xSL Religione 3$y85$m230. 05 COLL 2.90$j70986$nBK-PRI$qDDC 21$B70986$CPULBib$Z2$F70986 $H53158 $82 941 1 $a9 996 $6245$aFede e sacramenti negli scritti giovannei :$batti del VI Convegno di teologia sacramentaria, Roma, 23-25 maggio 1983$9(OLS)http://pul/title/72233 996 $6260$aRoma :$bPontificio Ateneo S. Anselmo$9(OLS)http://pul/publisher/48098